[Event "III Miedzynarodowy Memorial Ireny Warakomskiej - Open C"]
[Site "Suwalki"]
[Date "2019.08.12"]
[Round "2.5"]
[White "Szczygiel, Wojciech"]
[Black "Sapinski, Sebastian"]
[Result "0-1"]
[WhiteTitle ""]
[BlackTitle ""]
[WhiteElo "1313"]
[BlackElo "1495"]

1. d4 Nf6 2. c4 e6 3. Nf3 d5 4. Bg5 Be7 5. Nc3 O-O 6. Bxf6 Bxf6 7. e3 b6 8. cxd5
exd5 9. Bd3 Bb7 10. h4 Re8 11. Qc2 h6 12. g4 Nc6 13. O-O-O Nb4 14. Qb1 Nxd3+ 15.
Qxd3 g6 16. Rdg1 Bg7 17. Nd2 Qe7 18. Rg3 c5 19. f4 cxd4 20. exd4 Qf6 21. Ne2 a5
22. Qf3 Rac8+ 23. Kb1 Ba6 24. Nc3 Qxd4 25. Qxd5 Qxd5 26. Nxd5 Bb7 27. Rd3 Rcd8
28. Ne7+ Kf8 29. Rxd8 Rxd8 30. Nxg6+ fxg6 31. Rh2 Bd4 32. Re2 Kf7 33. Nc4 Ba6
34. Ne5+ Bxe5 35. Rxe5 Rd4 36. f5 Rxg4 37. Re6 Bd3+ 38. Kc1 Bxf5 39. Rxb6 Rxh4
40. Ra6 a4 41. Kd2 Be6 42. a3 h5 43. Ra5 Bb3 44. Re5 Rh2+ 45. Kc3 Rc2+ 46. Kb4
Rxb2 47. Re3 Rc2 48. Rf3+ Kg7 49. Re3 Kh6 0-1

[Event "III Miedzynarodowy Memorial Ireny Warakomskiej - Open C"]
[Site "Suwalki"]
[Date "2019.08.12"]
[Round "2.6"]
[White "Ptaszynski, Szymon "]
[Black "Szewczyk, Malwina"]
[Result "1-0"]
[WhiteTitle ""]
[BlackTitle ""]
[WhiteElo "1484"]
[BlackElo "1330"]

1. c4 c5 2. g3 Nf6 3. Bg2 d5 4. cxd5 Nxd5 5. Nc3 Nc7 6. d3 e5 7. Nf3 Nc6 8. O-O
Be7 9. b3 O-O 10. Bb2 b6 11. Qd2 Rb8 12. Nd1 f6 13. Ne3 Be6 14. Rfe1 Nd5 15. Nxd5
Bxd5 16. Rac1 Qc7 17. Nh4 Bxg2 18. Nxg2 Rbd8 19. Qc2 Nb4 20. Qc4+ Nd5 21. e4 b5
22. Qxb5 Nb6 23. Red1 Kh8 24. Qa5 Qb7 25. Qc3 f5 26. Qc2 fxe4 27. dxe4 Bd6 28.
Ne3 Qf7 29. Qe2 Qe6 30. Nf5 Kg8 31. Nxd6 Rxd6 32. Rxc5 Rxd1+ 33. Qxd1 Nd7 34.
Rc2 Nf6 35. Qe2 Ng4 36. Qc4 Qxc4 37. bxc4 Rd8 38. Kg2 Rd6 39. h3 Nf6 40. Bxe5
Re6 41. Bxf6 gxf6 42. Kf3 Rc6 43. Ke3 Rc7 44. g4 Kg7 45. c5 1-0

[Event "III Miedzynarodowy Memorial Ireny Warakomskiej - Open C"]
[Site "Suwalki"]
[Date "2019.08.12"]
[Round "2.7"]
[White "Szczotka, Matylda"]
[Black "Kitewski, Bartosz"]
[Result "0-1"]
[WhiteTitle ""]
[BlackTitle ""]
[WhiteElo "1298"]
[BlackElo "1479"]

1. e4 e6 2. d4 d5 3. Bd3 c5 4. exd5 exd5 5. Nf3 Nc6 6. O-O c4 7. Re1+ Be7 8. Bf1
Nf6 9. Nc3 O-O 10. b3 cxb3 11. axb3 Bg4 12. h3 Bxf3 13. Qxf3 Nxd4 14. Qd3 Nc6
15. Bg5 h6 16. Bh4 d4 17. Bxf6 Bxf6 18. Ne4 a6 19. Rad1 Rc8 20. Rc1 Be7 21. g3
Ba3 22. Rb1 Nb4 23. Qd2 Rxc2 24. Qf4 d3 25. Red1 Qd4 26. Qf3 d2 27. Qe2 Bc1 28.
Kh2 Rd8 29. Kg1 f5 30. Ng5 hxg5 31. Qh5 b5 32. Qxg5 Qf6 33. Qe3 Rc3 34. Qe2 Nd3
35. Bg2 f4 36. gxf4 Nxf4 37. Qe4 Nxg2 38. Qxg2 Rc6 39. Kh1 Qg6 40. Qf3 Rd3 41.
Qg2 Qxg2+ 42. Kxg2 Rcc3 43. h4 Rxb3 44. Rxb3 Rxb3 45. f3 a5 46. Kf2 a4 47. Ke2
a3 48. Rg1 a2 49. Kd1 a1=Q 0-1

[Event "III Miedzynarodowy Memorial Ireny Warakomskiej - Open C"]
[Site "Suwalki"]
[Date "2019.08.12"]
[Round "2.8"]
[White "Tomicki, Marek "]
[Black "Kutylo, Konrad "]
[Result "1-0"]
[WhiteTitle ""]
[BlackTitle ""]
[WhiteElo "1471"]
[BlackElo "1303"]

1. d4 d5 2. c4 e6 3. e3 Nf6 4. Nf3 Nbd7 5. Nc3 c6 6. a3 Bd6 7. Bd3 Qe7 8. cxd5
exd5 9. O-O b6 10. e4 dxe4 11. Nxe4 O-O 12. Re1 h6 13. Qc2 Nb8 14. Bd2 Nxe4 15.
Bxe4 Qc7 16. Rac1 Bb7 17. b4 Rc8 18. Bf5 Rd8 19. Ne5 Bxe5 20. Rxe5 Qd6 21. Rce1
Na6 22. Re7 Nc7 23. Qe4 1-0

[Event "III Miedzynarodowy Memorial Ireny Warakomskiej - Open C"]
[Site "Suwalki"]
[Date "2019.08.12"]
[Round "2.9"]
[White "Dietrich, Pawel"]
[Black "Fudala, Dominik"]
[Result "0-1"]
[WhiteTitle ""]
[BlackTitle ""]
[WhiteElo "1244"]
[BlackElo "1470"]

1. e4 e6 2. d4 d5 3. Nd2 Nf6 4. e5 Nfd7 5. Bd3 c5 6. c3 Nc6 7. Ne2 Be7 8. O-O O-O
9. Nf3 f6 10. exf6 Nxf6 11. Bf4 cxd4 12. cxd4 Ne4 13. a3 Bd6 14. Bxd6 Nxd6 15.
Ng3 Qf6 16. h3 Nf5 17. Nxf5 exf5 18. Bb5 a6 19. Bxc6 Qxc6 20. Ne5 Qd6 21. f4 Bd7
22. Nxd7 Qxd7 23. Qb3 Rfe8 24. Rae1 b5 25. Re5 Rxe5 26. fxe5 Rc8 27. Re1 Rc6 28.
Qd3 g6 29. b4 Qe6 30. Qd2 Rc4 31. Rc1 Qc6 32. Rxc4 dxc4 33. d5 c3 34. Qc2 Qc4
35. d6 Kf8 36. d7 Ke7 37. Qd1 Qc7 38. e6 c2 39. Qc1 Qc3 40. Qg5+ Kxe6 41. d8=Q
c1=Q+ 42. Qxc1 Qxc1+ 43. Kh2 Qxa3 44. Qe8+ Kd6 45. Qc8 Kd5 46. Qc5+ Ke4 47. Qc2+
Ke3 48. Qc5+ Kd3 49. Qd5+ Kc3 50. Qc5+ Kb3 51. Qd5+ Kxb4 52. Qd6+ Kb3 53. Qd3+
Ka4 54. Qd1+ Qb3 55. Qa1+ Kb4 56. Qd4+ Qc4 57. Qb2+ Kc5 58. Qe5+ Qd5 59. Qc7+
Kd4 60. Qf4+ Qe4 61. Qd2+ Ke5 62. Qc3+ Qd4 63. Qc7+ Qd6 64. Qc3+ Ke4+ 65. g3 f4
66. Qe1+ Kf5 67. Qb1+ Kg5 68. h4+ Kh5 69. g4+ Kxg4 70. Qg1+ Kxh4 71. Qf2+ Kg4
72. Qg2+ Kh5 73. Qh3+ Kg5 0-1

[Event "III Miedzynarodowy Memorial Ireny Warakomskiej - Open C"]
[Site "Suwalki"]
[Date "2019.08.12"]
[Round "2.10"]
[White "Stefaniuk, Zbigniew"]
[Black "Zmarzly, Wiktor"]
[Result "1-0"]
[WhiteTitle ""]
[BlackTitle ""]
[WhiteElo "1467"]
[BlackElo "1285"]

1. e4 c5 2. Nc3 a6 3. Nf3 Nc6 4. d4 cxd4 5. Nxd4 e6 6. Be2 Nf6 7. O-O Be7 8. Be3
O-O 9. f4 d6 10. Kh1 Qc7 11. Qe1 Nxd4 12. Bxd4 e5 13. fxe5 dxe5 14. Qg3 Nd7 15.
Nd5 Qd6 16. Bc3 f6 17. Bb4 Nc5 18. Rad1 f5 19. exf5 Bxf5 20. Ne3 Qg6 21. Qxe5
Rae8 22. Rxf5 Rxf5 23. Qxf5 Bg5 24. Qxg6 hxg6 25. Bxc5 Bxe3 26. Bc4+ Kh7 27. Re1
Rc8 28. Rxe3 Rxc5 29. Rh3+ Rh5 30. Rxh5+ gxh5 31. h4 Kg6 32. Kh2 Kf5 33. Kg3 b5
34. Bd3+ Kf6 35. Kf4 g6 36. g4 hxg4 37. Kxg4 Kg7 38. Kg5 Kh7 39. Bxg6+ Kg7 40.
h5 a5 41. h6+ Kg8 42. Be8 b4 43. c4 bxc3 44. bxc3 Kf8 45. Ba4 Kf7 46. Bb3+ Kf8
47. Kg6 a4 48. h7 axb3 49. h8=Q+ Ke7 50. Qe5+ Kd7 51. Kf6 bxa2 52. Qe6+ Kd8 53.
Qxa2 Kc7 54. Qa6 Kd7 55. Qb6 Kc8 56. Qa7 Kd8 57. Qb7 Ke8 58. Qe7# 1-0

[Event "III Miedzynarodowy Memorial Ireny Warakomskiej - Open C"]
[Site "Suwalki"]
[Date "2019.08.12"]
[Round "2.11"]
[White "Walkowski, Tobiasz "]
[Black "Wojdak, Karol"]
[Result "0-1"]
[WhiteTitle ""]
[BlackTitle ""]
[WhiteElo "1233"]
[BlackElo "1457"]

1. e4 e5 2. Nf3 Nc6 3. Bb5 a6 4. Ba4 b5 5. Bb3 Bc5 6. O-O Nf6 7. Re1 d6 8. h3 h6
9. c3 O-O 10. d3 Na5 11. Bc2 Bb6 12. b4 Nc6 13. a4 Bd7 14. a5 Ba7 15. Nbd2 Ne7
16. Nf1 c5 17. Ba3 Rc8 18. Ng3 Be6 19. Qd2 Ng6 20. bxc5 dxc5 21. Nf5 Re8 22. Bb2
Qc7 23. g4 Nf4 24. N3h4 Nxh3+ 25. Kh2 Ng5 26. Kg1 Kh7 27. Bc1 c4 28. d4 exd4 29.
f4 Bxf5 30. gxf5 d3+ 31. Re3 Nf3+ 32. Kg2 Nxd2 33. Bxd2 dxc2 0-1

[Event "III Miedzynarodowy Memorial Ireny Warakomskiej - Open C"]
[Site "Suwalki"]
[Date "2019.08.12"]
[Round "2.12"]
[White "Kieca, Aleksandra"]
[Black "Walendykiewicz, Martyna"]
[Result "1/2-1/2"]
[WhiteTitle ""]
[BlackTitle ""]
[WhiteElo "1453"]
[BlackElo "1253"]

1. e4 e5 2. Nf3 Nf6 3. Nxe5 d6 4. Nc4 Nxe4 5. Nc3 Nxc3 6. bxc3 Nc6 7. d4 d5 8.
Ne3 Be7 9. Bd3 h6 10. O-O O-O 11. Rb1 Bg5 12. Qf3 Ne7 13. Ba3 c6 14. Rfe1 Re8
15. Qg3 b6 16. Re2 Bd7 17. Rbe1 Bxe3 18. Rxe3 Be6 19. f4 c5 20. dxc5 Nc6 21. f5
Bd7 22. Rxe8+ Bxe8 23. Qe3 Bd7 24. Qf3 Be8 25. Qf4 Qf6 26. Bb2 bxc5 27. Qe3 c4
28. Be2 Qxf5 29. Bd1 Qd7 30. Bc1 Rc8 31. Qg3 Qc7 32. Bf4 Qb6+ 33. Kh1 Kh8 34.
Be3 Qd8 35. Qh3 Bd7 36. Qh5 Qf6 37. Qxd5 Be6 38. Qf3 Qxc3 39. Rf1 Qa5 40. Qe4
Qxa2 41. Bh5 c3 42. Qf4 Qxc2 43. Bxf7 Bxf7 44. Qxf7 Qe4 45. Bxh6 gxh6 46. Qf6+
Kh7 47. Qf7+ Kh8 1/2-1/2

[Event "III Miedzynarodowy Memorial Ireny Warakomskiej - Open C"]
[Site "Suwalki"]
[Date "2019.08.12"]
[Round "2.13"]
[White "Kruszynski, Jacek"]
[Black "Wojtacha, Krzysztof"]
[Result "0-1"]
[WhiteTitle ""]
[BlackTitle ""]
[WhiteElo "1104"]
[BlackElo "1446"]

1. e4 c5 2. Nf3 e6 3. d4 cxd4 4. Nxd4 a6 5. c4 Nf6 6. Nc3 Bb4 7. Bd3 Nc6 8. Nb3
Ne5 9. Bg5 Nxd3+ 10. Qxd3 Be7 11. Qd4 d6 12. Rd1 Qc7 13. O-O e5 14. Qd3 Be6 15.
Nd2 O-O 16. Bxf6 Bxf6 17. Nd5 Bxd5 18. cxd5 Rac8 19. Nb3 Qc2 20. Rd2 Qxd3 21.
Rxd3 Rc2 22. Rd2 Rfc8 23. Rfd1 Bg5 24. Rxc2 Rxc2 25. Rb1 b6 26. a3 Re2 27. f3
Be3+ 28. Kh1 h6 29. Na1 a5 30. b4 a4 31. h4 Ra2 32. Re1 Bd4 33. Kh2 Rxa1 34. Re2
Rxa3 35. Rc2 Rc3 36. Ra2 a3 37. b5 Rb3 38. h5 Bc5 39. Rc2 Rb2 40. Rc1 a2 41. Ra1
Bd4 42. Kh3 Rc2 43. Rd1 a1=Q 44. Rxd4 Qh1+ 0-1

[Event "III Miedzynarodowy Memorial Ireny Warakomskiej - Open C"]
[Site "Suwalki"]
[Date "2019.08.12"]
[Round "2.14"]
[White "Businski, Karol"]
[Black "Gladyszewska, Kinga"]
[Result "1-0"]
[WhiteTitle ""]
[BlackTitle ""]
[WhiteElo "1441"]
[BlackElo "1235"]

1. e4 c5 2. Nf3 Nc6 3. d4 cxd4 4. Nxd4 Nf6 5. Nc3 g6 6. Be3 Bg7 7. f3 a6 8. Qd2
d5 9. Nxc6 bxc6 10. O-O-O Bb7 11. Bh6 O-O 12. Bxg7 Kxg7 13. e5 Nd7 14. f4 Nb6
15. h4 c5 16. h5 d4 17. hxg6 fxg6 18. f5 h5 19. Rxh5 gxh5 20. Qg5+ Kh8 21. Qxh5+
Kg7 22. Qg6+ Kh8 23. Rd3 Rf7 24. Rh3+ Rh7 25. Rxh7# 1-0

[Event "III Miedzynarodowy Memorial Ireny Warakomskiej - Open C"]
[Site "Suwalki"]
[Date "2019.08.12"]
[Round "2.15"]
[White "Gladyszewski, Adam "]
[Black "Pieczulis, Blazej"]
[Result "0-1"]
[WhiteTitle ""]
[BlackTitle ""]
[WhiteElo "1216"]
[BlackElo "1439"]

1. d4 Nf6 2. c4 e6 3. Nc3 Bb4 4. Bg5 c5 5. Nf3 O-O 6. e3 b6 7. Bd3 Bb7 8. O-O Bxc3
9. bxc3 d6 10. e4 Nbd7 11. Re1 h6 12. Bf4 Qe7 13. h3 e5 14. Bh2 Rfe8 15. d5 Nf8
16. Nh4 g6 17. f4 N6d7 18. Nf3 f6 19. Qd2 Kg7 20. a4 g5 21. f5 h5 22. Be2 Nh7
23. Bg3 Qf7 24. Qd1 Rh8 25. Nh2 Nhf8 26. a5 bxa5 27. Rxa5 Nb6 28. Qa1 a6 29. Rb1
Nfd7 30. Bd1 Rhb8 31. Qa2 Qe8 32. Qe2 Bc8 33. Nf1 h4 34. Bf2 Nf8 35. Ne3 Nbd7
36. Raa1 Rb6 37. Rxb6 Nxb6 38. g3 hxg3 39. Bxg3 Ra7 40. Qg4 Kg8 41. Qe2 Rh7 42.
Ng4 Nbd7 43. Ba4 Qh5 44. Qg2 Qxh3 45. Qxh3 Rxh3 46. Kg2 Rh8 47. Rb1 Kf7 48. Bc6
Ke7 49. Bb7 Kd8 50. Nf2 Kc7 51. Bc6 Nb6 52. Ng4 Nfd7 53. Rh1 Rxh1 54. Kxh1 Bb7
55. Bxd7 Nxd7 56. Be1 a5 57. Bd2 Ba6 58. Kg2 Bxc4 0-1

[Event "III Miedzynarodowy Memorial Ireny Warakomskiej - Open C"]
[Site "Suwalki"]
[Date "2019.08.12"]
[Round "2.16"]
[White "Owczarek, Monika "]
[Black "Makarec, Anna"]
[Result "1-0"]
[WhiteTitle ""]
[BlackTitle ""]
[WhiteElo "1439"]
[BlackElo "1099"]

1. d4 d5 2. c4 e6 3. Nd2 Nf6 4. Ngf3 b6 5. g3 Bb7 6. Bg2 Be7 7. O-O dxc4 8. Nxc4
O-O 9. Qc2 c5 10. dxc5 Bxc5 11. Rd1 Qe7 12. a3 a5 13. Be3 Ng4 14. Qd2 h6 15. h3
Nxe3 16. Nxe3 Nc6 17. Qc3 Rfd8 18. Nc4 Ba6 19. e3 Rac8 20. Qb3 b5 21. Nce5 Nxe5
22. Nxe5 a4 23. Qa2 Bb7 24. Rxd8+ Rxd8 25. Nc6 Bxc6 26. Bxc6 Rb8 27. Rd1 Qc7 28.
Bg2 Rd8 29. Qb1 Rxd1+ 30. Qxd1 Qe5 31. Qd8+ Kh7 32. Qd3+ Kg8 33. Qxb5 Bd6 34.
Qxa4 Qxb2 35. Qe8+ Kh7 36. Qxf7 e5 37. Be4+ Kh8 38. Qg6 Kg8 39. Qe6+ Kf8 40. Qxd6+
Kf7 41. Bg6+ Kg8 42. Qd8# 1-0

[Event "III Miedzynarodowy Memorial Ireny Warakomskiej - Open C"]
[Site "Suwalki"]
[Date "2019.08.12"]
[Round "2.17"]
[White "Wiszniewska, Gabriela"]
[Black "Bednarska, Julita"]
[Result "0-1"]
[WhiteTitle ""]
[BlackTitle ""]
[WhiteElo "1100"]
[BlackElo "1436"]

1. e4 e5 2. Nf3 Nc6 3. d4 exd4 4. Bc4 Bc5 5. c3 d3 6. Qxd3 d6 7. Be3 Bxe3 8. Qxe3
Nf6 9. h3 h6 10. O-O O-O 11. Nbd2 Qe7 12. Rfe1 Re8 13. Qd3 Be6 14. Bb5 Bd7 15.
Re2 Ne5 16. Nxe5 Qxe5 17. Bxd7 Nxd7 18. Nf3 Qe7 19. Rae1 Ne5 20. Nxe5 dxe5 21.
Qc4 Rad8 22. Re3 c6 23. Qb3 Rd7 24. Rd1 Red8 25. Ree1 b6 26. Qc2 Rd6 27. b3 Qd7
28. Rxd6 Qxd6 29. Qe2 Qd2 30. c4 Qxe2 31. Rxe2 Kf8 32. Kf1 Ke7 33. f3 Rd4 34.
Ke1 Kd6 35. Rd2 Kc5 36. Rxd4 Kxd4 37. Kd2 a6 38. h4 b5 39. cxb5 cxb5 40. g3 g6
41. g4 f6 42. a3 a5 43. a4 bxa4 44. bxa4 Kc4 45. Kc2 0-1

[Event "III Miedzynarodowy Memorial Ireny Warakomskiej - Open C"]
[Site "Suwalki"]
[Date "2019.08.12"]
[Round "2.18"]
[White "Werner, Kacper "]
[Black "Olszewski, Piotr "]
[Result "1/2-1/2"]
[WhiteTitle ""]
[BlackTitle ""]
[WhiteElo "1435"]
[BlackElo "1125"]

1. e4 d5 2. exd5 Qxd5 3. Nc3 Qa5 4. d4 Nf6 5. Bd2 c6 6. h3 Qc7 7. Nf3 Bf5 8. Be3
e6 9. Bd3 Bxd3 10. Qxd3 Be7 11. O-O Nbd7 12. Nd2 Rd8 13. Qe2 Bb4 14. Nce4 O-O
15. c3 Be7 16. Bg5 h6 17. Bh4 c5 18. dxc5 Nxc5 19. Nxf6+ Bxf6 20. Bxf6 gxf6 21.
Ne4 Nxe4 22. Qxe4 Rd5 23. Rad1 Rfd8 24. Rxd5 Rxd5 25. Qe3 Kg7 26. Rc1 b6 27. Re1
Qd6 28. a3 1/2-1/2

[Event "III Miedzynarodowy Memorial Ireny Warakomskiej - Open C"]
[Site "Suwalki"]
[Date "2019.08.12"]
[Round "2.19"]
[White "Chiszko, Wiktoria"]
[Black "Kaminski, Lukasz "]
[Result "1/2-1/2"]
[WhiteTitle ""]
[BlackTitle ""]
[WhiteElo "1046"]
[BlackElo "1425"]

1. e4 c5 2. c3 Nc6 3. Nf3 e6 4. d4 cxd4 5. cxd4 d6 6. Nc3 g6 7. Be3 Bg7 8. Be2
Nh6 9. h3 O-O 10. O-O Kh8 11. Qd2 Ng8 12. Rac1 f5 13. Rfd1 Qa5 14. Qd3 Bh6 15.
d5 Bxe3 16. fxe3 fxe4 17. Nxe4 exd5 18. Qxd5 Qb6 19. Qd2 d5 20. Qc3+ d4 21. Nxd4
Nxd4 22. Qxd4+ Qxd4 23. Rxd4 Ne7 24. Nd6 Nc6 25. Re4 Bf5 26. Nxf5 Rxf5 27. Rf4
Rxf4 28. exf4 Rd8 29. Bf3 Nd4 30. Rc7 Nxf3+ 31. gxf3 Rd1+ 32. Kg2 Rd2+ 33. Kg3
Rxb2 34. a4 Ra2 35. Rxb7 Rxa4 36. Kg4 Ra5 37. Rb8+ Kg7 38. Rb7+ Kg8 39. Rb8+ 1/2-1/2

[Event "III Miedzynarodowy Memorial Ireny Warakomskiej - Open C"]
[Site "Suwalki"]
[Date "2019.08.12"]
[Round "2.21"]
[White "Dunda, Szymon"]
[Black "Szczygiel, Antoni"]
[Result "0-1"]
[WhiteTitle ""]
[BlackTitle ""]
[WhiteElo "1106"]
[BlackElo "1393"]

1. e4 d6 2. d4 g6 3. Nf3 Bg7 4. Nc3 Nf6 5. Bc4 O-O 6. O-O c6 7. Bg5 b5 8. Bb3 b4
9. Bxf6 Bxf6 10. Ne2 Bg4 11. Qd3 Qb6 12. c3 a5 13. Ng3 Nd7 14. h3 Bxf3 15. Qxf3
c5 16. d5 Ne5 17. Qe3 a4 18. Bc2 Nc4 19. Qc1 bxc3 20. bxc3 Bxc3 21. Rb1 Bb2 22.
Qh6 Na3 23. h4 Nxb1 24. Rxb1 Rab8 25. h5 Bg7 26. Qg5 Qc7 27. Rxb8 Rxb8 28. Bxa4
Rb4 29. Bc6 e6 30. Kh2 Rb8 31. f4 Qd8 32. Qg4 f5 33. exf5 exf5 34. Qe2 Qh4+ 35.
Kg1 Bd4+ 36. Kf1 Rb1+ 37. Qe1 Rxe1+ 38. Kxe1 Qxg3+ 39. Kd2 Qxg2+ 40. Kc1 Bc3 41.
Kb1 Qb2# 0-1

[Event "III Miedzynarodowy Memorial Ireny Warakomskiej - Open C"]
[Site "Suwalki"]
[Date "2019.08.12"]
[Round "2.23"]
[White "Zapalowska, Wiktoria "]
[Black "Pajak, Radoslaw"]
[Result "0-1"]
[WhiteTitle ""]
[BlackTitle ""]
[WhiteElo "1103"]
[BlackElo "1343"]

1. e4 e5 2. Nf3 Nc6 3. Bb5 d6 4. c3 Bd7 5. d4 exd4 6. cxd4 a6 7. Ba4 b5 8. Bc2
Nf6 9. h3 Be7 10. O-O O-O 11. Nc3 Re8 12. Be3 Qc8 13. Kh2 Bd8 14. Nd2 h6 15. f3
Nh7 16. Bb3 Bf6 17. Bd5 Rb8 18. Bxc6 Bxc6 19. d5 Bd7 20. Ne2 Bxb2 21. Rb1 Bf6
22. Nb3 Bg5 23. Bxg5 Nxg5 24. Nbd4 f5 25. h4 Nf7 26. Ng3 fxe4 27. fxe4 Ne5 28.
Qd2 Rf8 29. Rxf8+ Qxf8 30. Qa5 Rb6 31. Qc3 Qd8 32. h5 Rb8 33. Nf3 Nc4 34. a4 Qe8
35. axb5 axb5 36. Nd4 Kh8 37. Ndf5 Bxf5 38. Nxf5 Qxh5+ 39. Qh3 Qxh3+ 40. gxh3
b4 41. Nd4 Ne5 42. Kg3 Kg8 43. Kf4 Kf7 0-1

[Event "III Miedzynarodowy Memorial Ireny Warakomskiej - Open C"]
[Site "Suwalki"]
[Date "2019.08.12"]
[Round "2.24"]
[White "Niedorys, Karolina "]
[Black "Sivickis, Kornelia "]
[Result "1-0"]
[WhiteTitle ""]
[BlackTitle ""]
[WhiteElo "1329"]
[BlackElo "1101"]

1. e4 c5 2. Nf3 e6 3. d4 cxd4 4. Nxd4 a6 5. Nc3 Qc7 6. Bd3 Bb4 7. Bd2 Nf6 8. O-O
O-O 9. a3 Be7 10. Re1 d6 11. Qf3 Nbd7 12. Qg3 Kh8 13. f4 h6 14. Kh1 Re8 15. e5
Nh7 16. Nxe6 fxe6 17. Qg6 Ndf6 18. exf6 Nxf6 19. Ne4 Bf8 20. Nxf6 gxf6 21. Qxe8
Qg7 22. Qg6 Qe7 23. Bc3 e5 24. fxe5 fxe5 25. Rf1 Be6 26. Qf6+ Qxf6 27. Rxf6 Bd5
28. Raf1 Kg7 29. h3 Rb8 30. b3 Rc8 31. Bb2 b5 32. c4 bxc4 33. Bxc4 Bxc4 34. bxc4
h5 35. Kg1 Rb8 36. Rxf8 Rxf8 37. Rxf8 Kxf8 38. c5 dxc5 39. Bxe5 Ke7 40. Kf2 Ke6
41. Bf4 Kf5 42. Ke3 c4 43. Bb8 c3 44. Kd3 Ke6 45. Kxc3 Kd5 46. Kd3 a5 47. g4 hxg4
48. hxg4 a4 49. g5 Ke6 50. Bf4 Kf7 51. Kc4 1-0

[Event "III Miedzynarodowy Memorial Ireny Warakomskiej - Open C"]
[Site "Suwalki"]
[Date "2019.08.12"]
[Round "2.25"]
[White "Sprzeczka, Emilia"]
[Black "Galaszewski, Karol "]
[Result "1-0"]
[WhiteTitle ""]
[BlackTitle ""]
[WhiteElo "1276"]
[BlackElo "1108"]

1. e4 e6 2. d4 d5 3. Nd2 Bd6 4. e5 Be7 5. Ngf3 Bg5 6. Nxg5 Qxg5 7. Nf3 Qe7 8. Bd3
Nd7 9. O-O c5 10. c3 c4 11. Bc2 a6 12. h3 f6 13. Re1 h6 14. Bg6+ Kd8 15. Qa4 Nf8
16. Bc2 b5 17. Qa5+ Qc7 18. Qxc7+ Kxc7 19. b3 Bd7 20. Ba3 Bc6 21. Bd6+ Kd7 22.
bxc4 dxc4 23. Be4 Bxe4 24. Rxe4 f5 25. Re2 Ne7 26. Bxe7 Kxe7 27. Rd1 Rd8 28. Red2
Ng6 29. d5 exd5 30. Rxd5 Nf4 31. Rxd8 Rxd8 32. Rxd8 Kxd8 33. Nd4 g6 34. Kf1 Nd3
35. a3 Nxe5 36. Ne6+ Kc8 37. Nc5 a5 38. Ke2 Kc7 39. Ke3 Nd7 40. Kd4 Nb6 41. h4
Kc6 42. Ne6 Nd5 43. Nd8+ Kd6 44. g3 h5 45. Nb7+ Kc6 46. Nxa5+ Kb6 47. Nxc4+ Kc6
48. Ne5+ Kd6 49. Nxg6 Nf6 50. f3 Nd7 51. c4 bxc4 52. Kxc4 Nb6+ 53. Kb5 1-0

[Event "III Miedzynarodowy Memorial Ireny Warakomskiej - Open C"]
[Site "Suwalki"]
[Date "2019.08.12"]
[Round "2.26"]
[White "Pieczulis, Hubert"]
[Black "Kudraszow, Filip "]
[Result "1-0"]
[WhiteTitle ""]
[BlackTitle ""]
[WhiteElo "1224"]
[BlackElo "1056"]

1. Nf3 d5 2. d4 Nf6 3. Bg5 Bf5 4. e3 e6 5. Bd3 Bxd3 6. Qxd3 c6 7. Nbd2 Nbd7 8.
Ne5 Be7 9. Nxd7 Qxd7 10. Nf3 Qc7 11. c3 Qb6 12. Qc2 Qb5 13. Qe2 Qxe2+ 14. Kxe2
Ne4 15. Bxe7 Kxe7 16. Nd2 Nxd2 17. Kxd2 Kf6 18. b3 Rac8 19. Rac1 Rhe8 20. Rhe1
Ke7 21. c4 Kd6 22. Kd3 f6 23. f4 g6 24. c5+ Ke7 25. b4 h6 26. Rb1 a6 27. a4 Ra8
28. Rb2 Reb8 29. b5 axb5 30. axb5 cxb5 31. Rxb5 Kf7 32. Rb6 Ke7 33. c6 Kd6 34.
Rxb7 Rc8 1-0

[Event "III Miedzynarodowy Memorial Ireny Warakomskiej - Open C"]
[Site "Suwalki"]
[Date "2019.08.12"]
[Round "2.27"]
[White "Walkowska, Wieslawa"]
[Black "Borowik, Monika"]
[Result "0-1"]
[WhiteTitle ""]
[BlackTitle ""]
[WhiteElo "1072"]
[BlackElo "1216"]

1. e4 c5 2. Bc4 e6 3. d3 Nc6 4. Bf4 Nf6 5. Nf3 d5 6. exd5 exd5 7. Bb5 Bg4 8. Bxc6+
bxc6 9. h3 Bh5 10. Qe2+ Be7 11. g4 Bg6 12. Nbd2 O-O 13. O-O-O Re8 14. Nh4 Bd6
15. Qf3 Rb8 16. Nxg6 fxg6 17. Bxd6 Qxd6 18. Nb3 Re7 19. h4 Reb7 20. h5 gxh5 21.
gxh5 a5 22. Rh4 Qe5 23. d4 Qg5+ 24. Rf4 Nxh5 25. Qe3 Qxf4 26. Qxf4 Nxf4 27. Re1
cxd4 28. Nxd4 Rxb2 29. Nxc6 Rb1+ 30. Kd2 Rxe1 31. Kxe1 Rb2 32. Nxa5 Rxa2 33. Nc6
Rxc2 34. Nd4 Nd3+ 35. Kd1 Rxf2 36. Nc6 h5 37. Ne7+ Kf7 38. Nxd5 h4 39. Ne3 h3
40. Ng2 h2 0-1

[Event "III Miedzynarodowy Memorial Ireny Warakomskiej - Open C"]
[Site "Suwalki"]
[Date "2019.08.12"]
[Round "3.1"]
[White "Czarniecki, Pawel"]
[Black "Walkowski, Tobiasz "]
[Result "1-0"]
[WhiteTitle ""]
[BlackTitle ""]
[WhiteElo "1570"]
[BlackElo "1233"]

1. d4 e6 2. c4 f5 3. Nc3 Nf6 4. Bg5 c6 5. Nf3 d5 6. e3 Bd6 7. Ne5 O-O 8. Be2 Nbd7
9. f4 Qc7 10. Qc2 Ne4 11. Nxe4 fxe4 12. O-O-O Nxe5 13. dxe5 Bc5 14. Kb1 Bxe3 15.
cxd5 exd5 16. Rxd5 Bxf4 17. Bxf4 Rxf4 18. Rd6 Bf5 19. Ka1 Re8 20. g3 Rxe5 21.
gxf4 Ra5 22. Bc4+ Kf8 23. Rhd1 e3 24. Qe2 b5 25. Rd8+ Ke7 26. Qxe3+ Kf6 27. R8d6+
1-0

[Event "III Miedzynarodowy Memorial Ireny Warakomskiej - Open C"]
[Site "Suwalki"]
[Date "2019.08.12"]
[Round "3.2"]
[White "Konewko, Konrad"]
[Black "Hancharevich, Heorhi "]
[Result "1/2-1/2"]
[WhiteTitle ""]
[BlackTitle ""]
[WhiteElo "1544"]
[BlackElo "1360"]

1. d4 Nf6 2. c4 g6 3. Nc3 Bg7 4. e4 d6 5. Nf3 O-O 6. Be2 e5 7. dxe5 dxe5 8. Qxd8
Rxd8 9. Bg5 Re8 10. Nd5 Nxd5 11. cxd5 c6 12. Bc4 Bd7 13. O-O cxd5 14. Bxd5 Nc6
15. Be3 Nb4 16. Bb3 h6 17. Rfd1 Bc6 18. a3 Na6 19. Bd5 Bxd5 20. Rxd5 f6 21. Rad1
Kf7 22. Kf1 Nc7 23. R5d2 Ne6 24. g3 Red8 25. Ke2 Rxd2+ 26. Rxd2 Ke7 27. b4 Rc8
28. Kd3 f5 29. Rc2 Rxc2 30. Kxc2 a6 31. Kd3 Kd7 32. Nd2 h5 33. Nf3 f4 34. gxf4
1/2-1/2

[Event "III Miedzynarodowy Memorial Ireny Warakomskiej - Open C"]
[Site "Suwalki"]
[Date "2019.08.12"]
[Round "3.3"]
[White "Zydorczak, Marek "]
[Black "Pieczulis, Hubert"]
[Result "1-0"]
[WhiteTitle ""]
[BlackTitle ""]
[WhiteElo "1521"]
[BlackElo "1224"]

1. e4 e6 2. d4 d5 3. e5 c5 4. Nf3 Nc6 5. Bd3 cxd4 6. O-O Bd7 7. Nbd2 Qc7 8. Re1
Nb4 9. Nb3 Nxd3 10. Qxd3 Bb4 11. Bd2 Bxd2 12. Qxd2 Ne7 13. Qb4 Nc6 14. Qa3 b6
15. Nbxd4 Nxd4 16. Nxd4 Qc5 17. Qd3 Rc8 18. c3 Qc4 19. Qg3 g6 20. Re3 Qc7 21.
Rae1 Qd8 22. Rf3 Qe7 23. Qh3 h5 24. Rf6 Kf8 25. Ne2 Kg7 26. Nf4 Rc4 27. Qg3 Rh6
28. Qg5 Qe8 29. f3 b5 30. a3 a5 31. Nd3 d4 32. cxd4 Rxd4 33. Qe3 Rc4 34. Qa7 a4
35. Nc5 Bc8 36. Ne4 Rh8 37. Nd6 1-0

[Event "III Miedzynarodowy Memorial Ireny Warakomskiej - Open C"]
[Site "Suwalki"]
[Date "2019.08.12"]
[Round "3.4"]
[White "Fudala, Dominik"]
[Black "Arciszewska, Zuzanna "]
[Result "1/2-1/2"]
[WhiteTitle ""]
[BlackTitle ""]
[WhiteElo "1470"]
[BlackElo "1499"]

1. e4 e5 2. Nf3 Nc6 3. Bb5 a6 4. Ba4 Nf6 5. O-O b5 6. Bb3 Be7 7. Re1 d6 8. h3 O-O
9. c3 Na5 10. Bc2 c5 11. d4 cxd4 12. cxd4 Nc6 13. a3 Qc7 14. Nc3 Re8 15. Bb3 h6
16. Ba2 Bb7 17. Nd5 Nxd5 18. Bxd5 Bf6 19. Bxc6 Qxc6 20. d5 Qd7 21. Be3 Rac8 22.
Qd3 Bd8 23. g4 h5 24. Nh2 hxg4 25. hxg4 Bh4 26. Rf1 g6 27. f3 Kg7 28. Bf2 Bg5
29. Be3 Bh4 30. Bf2 Rh8 31. Qe3 Qe7 32. Rac1 Rxc1 33. Qxc1 Bg5 34. Be3 Bxe3+ 35.
Qxe3 f5 36. Rf2 f4 37. Qb6 Rc8 38. Nf1 Qc7 39. Qxc7+ Rxc7 40. Nd2 a5 41. Kg2 b4
42. axb4 axb4 43. Nb3 Ba6 44. Rd2 Bb5 45. Na1 Ba4 46. b3 Bb5 47. Nc2 1/2-1/2